| 000 | 02483cam a2200301 i 4500 | ||
|---|---|---|---|
| 001 | 15658 | ||
| 003 | DO-SdUEMH | ||
| 005 | 20260110155021.0 | ||
| 007 | ta | ||
| 008 | 211105s2010 dr a|||gr|||| 000 0 spa|d | ||
| 040 |
_aDO-SdUEMH _bspa _erda |
||
| 041 | _aspa | ||
| 082 | 1 | 4 |
_mRD _aRD 306.7293 S486R _bS486r |
| 084 | _b08-00274 | ||
| 100 |
_aSERNA MORENO, J. JESUS MARiA _eaut |
||
| 245 | 1 | 0 |
_aRepública Dominicana : identidad y herencias anticulturales indígenas / _cJ. Jesús María Serna Moreno |
| 260 | _c2010 | ||
| 264 | 0 | 1 |
_aSanto Domingo, República Dominicana : _bArchivo General de la Nación, _c2010 |
| 300 |
_a148 paginas : _bilustraciones ; _c23 cm. |
||
| 336 |
_2rdacontent _atexto _btxt |
||
| 337 |
_2rdamedia _asin mediación _bn |
||
| 338 |
_2rdacarrier _avolumen _bnc |
||
| 490 |
_aArchivo General de la Nación ; _v108 |
||
| 504 | _aBibliografías en paginas 137-138-139-140 | ||
| 505 | 1 | _aPrólogo / Franklin Franco -- Agradecimientos -- Prefacio -- Consideraciones preliminares a manera de introducción -- Capítulo I Enfoque metodología y conceptos -- Enfoque -- Enfoque latinoamericano en base a la propuesta de Darcy Ribeiro -- Aspectos metodológicos -- Darcy Ribeiro y la categoría Pueblos Nuevos -- La concepción no esencialista de lo étnico -- Algunos conceptos fundamentales para la investigación etnocultural -- La cultura -- La etnicidad -- La diversidad -- La identidad -- Identidad étnica y etnicidad -- La lengua -- Protoetnia y protocultura -- Transculturación -- El modo de vida mestizo de Pueblo Nuevo -- Capítulo II Los estudios sobre los taínos algunos textos y autores -- Clasificación de los taínos desde la llegada de los españoles elaborada por Irving Rouse -- Algunos elementos fundamentales sobre los taínos -- El complejo cultural Aruaco -- Instrumentos y tecnologías -- Capítulo III Supervivencias etnoculturales indígenas en la República Dominicana -- El estudio del etnos dominicano -- El indigenismo en la República Dominicana un debate sobre la identidad dominicana -- Los elementos etnoculturales indígenas en la historia de la República Dominicana -- El rastro de lo indígena en la República Dominicana -- Elementos etnoculturales indígenas y el trabajo de campo en la República Dominicana -- Primer viaje -- Segundo viaje a la República Dominicana -- Cultura material -- Cultura espiritual -- Otros -- Conclusiones -- Bibliografía -- Personas entrevistadas. | |
| 942 |
_2ddc _cBK _n0 |
||
| 999 |
_c15658 _d15658 |
||